000 00323nab a22001097u 4500
008 130520b1986 xxu||||| |||| 00| 0 spa d
041 _aspa
100 1 _aPieris, Aloysius
_942497
245 0 0 _aReto del budismo a los cristianos
_cAloysius Pieris
773 0 _tConcilium
_gV.1,1986,págs.79-87
_x0210-1041
_wRev134
942 _cAR
999 _c355208
_d355208